000 03104nam0a2200517 i 4500
001 RU\NLR\BIBL_A\010387506
005 20260406134503.0
010 _a9785906001375
_9750
021 _aRU
_b2014-25251
_91566
035 _a(NILC)RuMoRGB-006804321
035 _a(NLR Aleph) 010387506
090 _a9661160
_c9661160
100 _a20140604d2014 u y0rusy50 ca
101 0 _arus
_deng
102 _aRU
105 _ay|||7|||001yy
200 1 _aИндикаторы науки и технологии: история, методология, стандарты измерения
_dScience and technology indicators: history, methodology, and measurements standards
_fГ. В. Осипов, С. В. Климовицкий
_gРос. акад. наук, Ин-т соц.-полит. исслед. [и др.]
_zeng
210 _aМосква
_cЦПС и М
_d2014
215 _a178, [1] с.
_d24
225 1 _aЭкономика и социология науки и образования
_fредкол.: Г. В. Осипов (пред.) [и др.]
300 _aАвт. также на англ. яз.: G. Osipov, S. Klimovitskiy
300 _aВ надзаг. также: М-во образования и науки Рос. Федерации, Центр социол. исслед., Высш. шк. соврем. социал. наук МГУ им. М. В. Ломоносова, Науч. совет по прогр. фундам. исслед. Президиума РАН "Экономика и социология науки и образования"
300 _aРез. на англ. яз.
313 _aНИОКР
320 _aБиблиогр.: с. 175-179 (98 назв.)
510 1 _6z22790
_aScience and technology indicators: history, methodology, and measurements standards
_zeng
606 1 _aНаучно-исследовательская работа
_xОценка
_91665153
_3RU\NLR\AUTH\66738110
606 1 _aНИОКР
_92136540
_3RU\NLR\AUTH\661592622
606 _aНаука
_xМодернизация
_92201224
_3RU\NLR\AUTH\6601557593
606 _aИнновационная деятельность
_92104761
_3RU\NLR\AUTH\661272548
610 0 _aиндикаторы науки и технологии
675 _a001.894(082)
686 1 _aЧ214(0)к
686 1 _aУ5-55
686 1 _aЧ215.5
686 1 _aЖ6
700 1 _8rus
_7ca
_aОсипов
_bГ. В.
_cд-р филос. наук
_f1929-
_gГеннадий Васильевич
_3RU\NLR\AUTH\772275
_9112291
701 1 _aКлимовицкий
_bС. В.
_cканд. социол. наук
_gСергей Вениаминович
_9135279
_3RU\NLR\AUTH\770135314
790 1 _8rus
_7ba
_aOsipov
_bG. V.
_cд-р филос. наук
_f1929-
_gGennadij Vasil'evič
_3RU\NLR\AUTH\772278
_9112294
790 1 _7ba
_8rus
_aKlimovickij
_bS. V.
_cканд. социол. наук
_gSergej Veniaminovič
_9135281
_3RU\NLR\AUTH\770135316
801 0 _aRU
_bRuMoRKP
_c20140407
_gRCR
801 2 _aRU
_bРГБ
_c20140507
_grcr
942 _cBOOK
980 _aNBR